[Event "ESP-ch Rapid"]
[Site "Mengibar"]
[Date "2024.08.17"]
[Round "2"]
[White "Plazuelo Pascual, Juan"]
[Black "Campos Cayuelas, Adria"]
[Result "1-0"]
[WhiteElo "2425"]
[BlackElo "2147"]
[PlyCount "55"]
[EventDate "2024.08.17"]
[EventType "swiss (rapid)"]
[EventRounds "10"]
[EventCountry "ESP"]
[SourceTitle "CBM 221 Extra"]
[Source "ChessBase"]
[SourceDate "2024.09.30"]
[SourceVersion "1"]
[SourceVersionDate "2024.09.30"]
[SourceQuality "1"]

1. d4 Nf6 2. c4 g6 3. Nc3 Bg7 4. e4 d6 5. Be2 0-0 6. Be3 e5 7. d5 a5 8. h4 Na6 9. h5 Nc5 10. Qc2 Ng4 11. Bxg4 Bxg4 12. hxg6 hxg6 13. f3 Bd7 14. g4 f5 15. gxf5 gxf5 16. 0-0-0 a4 17. Qh2 f4 18. Bxc5 dxc5 19. Qh7+ Kf7 20. Qh5+ Kg8 21. d6 c6 22. Qh7+ Kf7 23. Qh5+ Kg8 24. Nge2 Qf6 25. Kb1 Be6 26. Rdg1 Rfd8 27. Rg6 Qf7 28. Qh8# 1-0

[Event "ESP-ch Blitz"]
[Site "Mengibar"]
[Date "2024.08.16"]
[Round "7"]
[White "Alcazar Jimenez, Victor Manuel"]
[Black "Plazuelo Pascual, Juan"]
[Result "1-0"]
[WhiteElo "2377"]
[BlackElo "2425"]
[PlyCount "119"]
[EventDate "2024.08.16"]
[EventType "swiss (blitz)"]
[EventRounds "11"]
[EventCountry "ESP"]
[SourceTitle "CBM 221 Extra"]
[Source "ChessBase"]
[SourceDate "2024.09.30"]
[SourceVersion "1"]
[SourceVersionDate "2024.09.30"]
[SourceQuality "1"]

1. c4 e6 2. Nf3 d5 3. b3 Nf6 4. Bb2 Bd6 5. g3 0-0 6. Bg2 Re8 7. d4 Nc6 8. 0-0 dxc4 9. bxc4 Bd7 10. Nbd2 Rb8 11. e4 Bf8 12. e5 Ng4 13. h3 Nh6 14. g4 b5 15. Qe2 bxc4 16. Nxc4 Nb4 17. Rfc1 Nd5 18. Rc2 Ba4 19. Rd2 Bb4 20. Bc1 Nf4 21. Qe4 Nxg2 22. Kxg2 Bc3 23. Rb2 Bxb2 24. Nxb2 Bb5 25. a4 Ba6 26. Bxh6 gxh6 27. Nd3 Bb7 28. Qf4 Qg5 29. Rc1 Qxf4 30. Nxf4 Ba8 31. Rc3 Rb4 32. Nh5 Rd8 33. Nf6+ Kg7 34. Kg3 Rxa4 35. Nh5+ Kf8 36. Nf6 Kg7 37. Nh5+ Kf8 38. Nf6 a5 39. Nxh7+ Kg7 40. Nf6 Rb4 41. Nh5+ Kf8 42. g5 hxg5 43. Nxg5 Rbxd4 44. Rxc7 R4d7 45. Rc4 Rd3+ 46. f3 Bb7 47. Rf4 R8d7 48. Nxe6+ Ke7 49. Nc5 Bc6 50. Nxd7 Bxd7 51. Nf6 Bc6 52. Rf5 a4 53. Ng8+ Ke8 54. Nf6+ Ke7 55. Ng8+ Kf8 56. Nh6 Bd5 57. Rf6 a3 58. Nf5 Rxf3+ 59. Kg2 Rf1+ 60. Kxf1 1-0

[Event "ESP-chT CECLUB Div2"]
[Site "Linares"]
[Date "2024.08.13"]
[Round "4.6"]
[White "Plazuelo Pascual, Juan"]
[Black "Merario Alarcon, Andres"]
[Result "1/2-1/2"]
[WhiteElo "2425"]
[BlackElo "2410"]
[PlyCount "73"]
[EventDate "2024.08.11"]
[EventType "team-swiss"]
[EventRounds "7"]
[EventCountry "ESP"]
[SourceTitle "CBM 221 Extra"]
[Source "ChessBase"]
[SourceDate "2024.09.30"]
[SourceVersion "1"]
[SourceVersionDate "2024.09.30"]
[SourceQuality "1"]
[WhiteTeam "Diagonal Alcorcon"]
[BlackTeam "Metro Club"]
[WhiteTeamCountry "ESP"]
[BlackTeamCountry "ESP"]

1. d4 Nf6 2. c4 e6 3. Nc3 Bb4 4. Qc2 c5 5. dxc5 0-0 6. Nf3 Na6 7. g3 Nxc5 8. Bg2 Nfe4 9. 0-0 Bxc3 10. bxc3 b6 11. Be3 Bb7 12. a4 Rc8 13. Rfd1 f6 14. Nd4 Qe7 15. a5 Nd6 16. Nb5 Nxb5 17. cxb5 Bxg2 18. Kxg2 d5 19. axb6 axb6 20. c4 Ne4 21. Bxb6 Rxc4 22. Qb3 Rb8 23. Ra6 Qe8 24. Be3 Nc3 25. Rc1 Qc8 26. Rca1 Nxb5 27. Qd3 Rc3 28. Qd1 d4 29. Bxd4 Qb7+ 30. f3 Rd8 31. Rb6 Qxb6 32. Bxb6 Rxd1 33. Rxd1 Rc2 34. Kf1 Nc3 35. Rd8+ Kf7 36. Rd7+ Kg6 37. Rc7 1/2-1/2

[Event "ESP-chT CECLUB Div2"]
[Site "Linares"]
[Date "2024.08.12"]
[Round "2.16"]
[White "Plazuelo Pascual, Juan"]
[Black "Lopez Varela, Pablo"]
[Result "1-0"]
[WhiteElo "2425"]
[BlackElo "2362"]
[PlyCount "73"]
[EventDate "2024.08.11"]
[EventType "team-swiss"]
[EventRounds "7"]
[EventCountry "ESP"]
[SourceTitle "CBM 221 Extra"]
[Source "ChessBase"]
[SourceDate "2024.09.30"]
[SourceVersion "1"]
[SourceVersionDate "2024.09.30"]
[SourceQuality "1"]
[WhiteTeam "Diagonal Alcorcon"]
[BlackTeam "Escola Luguesa"]
[WhiteTeamCountry "ESP"]
[BlackTeamCountry "ESP"]

1. d4 d6 2. e4 Nf6 3. Nc3 e5 4. Nge2 Be7 5. h3 0-0 6. g4 c6 7. Bg2 Nbd7 8. a4 d5 9. exd5 Nxd5 10. Nxd5 cxd5 11. dxe5 Nxe5 12. 0-0 Be6 13. Nf4 Ng6 14. Qe2 Nxf4 15. Bxf4 Rc8 16. c3 Bd6 17. Bxd6 Qxd6 18. Rad1 Qd7 19. Rd4 Rc4 20. Qxc4 dxc4 21. Rxd7 Bxd7 22. Bxb7 h5 23. Rd1 Bxa4 24. Ra1 Bd7 25. gxh5 Rb8 26. Rxa7 Bxh3 27. Ra8 Rxa8 28. Bxa8 Be6 29. Kg2 Kh7 30. Kg3 Kh6 31. Kh4 g5+ 32. hxg6 Kxg6 33. Kg3 Kf5 34. Kf3 Ke5 35. Ke3 Bd5 36. Bxd5 Kxd5 37. Kf4 1-0

[Event "ESP-ch 88th"]
[Site "Marbella"]
[Date "2023.10.18"]
[Round "6"]
[White "Plazuelo Pascual, Juan"]
[Black "Tabuenca Mendataurigoitia, Daniel"]
[Result "0-1"]
[WhiteElo "2437"]
[BlackElo "2351"]
[PlyCount "142"]
[EventDate "2023.10.13"]
[EventType "swiss"]
[EventRounds "9"]
[EventCountry "ESP"]
[SourceTitle "CBM 216 Extra"]
[Source "ChessBase"]
[SourceDate "2023.11.30"]
[SourceVersion "1"]
[SourceVersionDate "2023.11.30"]
[SourceQuality "1"]

1. e4 e5 2. Nf3 Nc6 3. Bb5 a6 4. Ba4 Nf6 5. 0-0 Nxe4 6. d4 Be7 7. Re1 b5 8. Rxe4 d5 9. Nxe5 Nxe5 10. Rxe5 bxa4 11. Qe2 c6 12. Nc3 Ra7 13. Bf4 0-0 14. Re1 Be6 15. Nxa4 Bf6 16. Rxe6 fxe6 17. Qd2 Raf7 18. Bg3 Bh4 19. Re2 Bxg3 20. hxg3 Qd6 21. Qc3 Rf5 22. Nc5 R8f6 23. Qe3 Rh6 24. f4 Rfh5 25. Kf2 Kf7 26. g4 Rh4 27. Qf3 Rf6 28. Nd3 g5 29. Re5 h6 30. Kg1 gxf4 31. Re2 h5 32. gxh5 Rf5 33. Nc5 e5 34. g4 e4 35. Nxe4 dxe4 36. Rxe4 Rg5 37. Rxf4+ Kg7 38. Kf1 Qd5 39. Qe3 Qh1+ 40. Ke2 Qg2+ 41. Rf2 Qxg4+ 42. Rf3 Qe4 43. Qxe4 Rxe4+ 44. Kd3 Re6 45. Kc4 Rxh5 46. b4 a5 47. a3 Rf6 48. Re3 Kf7 49. Kb3 Re6 50. Rf3+ Ke7 51. Ka4 axb4 52. axb4 Re1 53. Kb3 Kd6 54. Kc4 Kc7 55. c3 Kb6 56. Rg3 Reh1 57. Rg8 R1h3 58. Rb8+ Ka7 59. Re8 Rf3 60. Re1 Kb6 61. Ra1 Rf4 62. Re1 Rh3 63. Ra1 Rff3 64. Rc1 Rh2 65. Ra1 Rc2 66. Ra3 Rf1 67. Kd3 Rff2 68. Ra5 Ra2 69. Rc5 Rf3+ 70. Ke4 Rh3 71. d5 Re2+ 0-1

[Event "Titled Tuesday intern op 29th Aug Early"]
[Site "Chess.com INT"]
[Date "2023.08.29"]
[Round "1"]
[White "Hoffmann, Asa"]
[Black "Plazuelo Pascual, Juan"]
[Result "0-1"]
[WhiteElo "2185"]
[BlackElo "2454"]
[PlyCount "116"]
[EventDate "2023.08.29"]
[EventType "swiss (blitz)"]
[EventRounds "11"]
[EventCountry "USA"]
[SourceTitle "EXT 2024"]
[Source "ChessBase"]
[SourceDate "2023.10.10"]
[SourceVersion "1"]
[SourceVersionDate "2023.10.10"]
[SourceQuality "1"]

1. d4 e6 2. e4 d5 3. e5 c5 4. Nf3 cxd4 5. Qxd4 Nc6 6. Qf4 Nge7 7. Bd3 Ng6 8. Qg3 Qc7 9. 0-0 Ncxe5 10. Nxe5 Nxe5 11. Bf4 f6 12. Nc3 a6 13. Rfe1 Bd6 14. Bxe5 Bxe5 15. Rxe5 fxe5 16. Re1 Bd7 17. Qxg7 0-0-0 18. Qxe5 Qxe5 19. Rxe5 Rdf8 20. g3 Kc7 21. f4 Kd6 22. Ne2 Rf6 23. Nd4 b5 24. c3 h6 25. Nf3 Rb8 26. a3 a5 27. Re2 b4 28. axb4 axb4 29. Ne5 bxc3 30. bxc3 Rb3 31. c4 Ra3 32. c5+ Kc7 33. c6 Bc8 34. Rc2 Rf8 35. Kg2 Rd8 36. h3 Ba6 37. Bxa6 Rxa6 38. Rb2 Rb8 39. Re2 Rb3 40. Kh2 Raa3 41. Rg2 d4 42. g4 Rxh3+ 43. Kg1 Ra1+ 44. Kf2 Ra2+ 45. Kg1 Ra1+ 46. Kf2 Rb3 47. Nf3 d3 48. g5 hxg5 49. fxg5 Ra2+ 50. Kg3 Rxg2+ 51. Kxg2 d2 52. Nxd2 Rb2 53. g6 Rxd2+ 54. Kf3 Rd8 55. Kf4 Kxc6 56. Kg5 Kd5 57. Kf6 e5 58. g7 e4 0-1

[Event "Titled Tuesday intern op 29th Aug Late"]
[Site "Chess.com INT"]
[Date "2023.08.29"]
[Round "7"]
[White "Mendes, Aaron Reeve"]
[Black "Plazuelo Pascual, Juan"]
[Result "0-1"]
[WhiteElo "2079"]
[BlackElo "2454"]
[PlyCount "142"]
[EventDate "2023.08.29"]
[EventType "swiss (blitz)"]
[EventRounds "11"]
[EventCountry "USA"]
[SourceTitle "EXT 2024"]
[Source "ChessBase"]
[SourceDate "2023.10.10"]
[SourceVersion "1"]
[SourceVersionDate "2023.10.10"]
[SourceQuality "1"]

1. e4 e5 2. Nf3 Nc6 3. d4 exd4 4. Nxd4 Nf6 5. Nxc6 bxc6 6. Nd2 Bc5 7. Be2 0-0 8. e5 Nd5 9. Nb3 Be7 10. c4 Nb6 11. c5 Nd5 12. Bf3 Ba6 13. Bxd5 cxd5 14. Qxd5 Re8 15. Be3 d6 16. 0-0-0 dxe5 17. Qc6 Qc8 18. Na5 Rb8 19. Rd2 Bb5 20. Qe4 Qa6 21. b4 Qe6 22. Qd5 Qg6 23. Rhd1 Ba4 24. a3 Bxd1 25. Kxd1 Rbd8 26. Qc6 Qb1+ 27. Ke2 Rxd2+ 28. Bxd2 Rd8 29. Qf3 e4 30. Qe3 Rd3 31. Qf4 Qc2 32. Nc6 Bf6 33. g3 g5 34. Qxf6 Qxd2+ 35. Kf1 Qd1+ 36. Kg2 Qf3+ 37. Qxf3 exf3+ 38. Kh3 Rxa3 39. Kg4 Kg7 40. Nd4 Kg6 41. b5 f5+ 42. Kh3 Ra2 43. g4 Rxf2 44. Nxf5 Rb2 45. Kg3 f2 46. Ne3 Rxb5 47. Kxf2 Rxc5 48. Kf3 Kf6 49. Ke4 Re5+ 50. Kd4 Rxe3 51. Kxe3 Ke5 52. h3 c5 53. Kd3 Kf4 54. Kc4 Kg3 55. h4 Kxh4 56. Kxc5 Kxg4 57. Kb5 h5 58. Ka5 h4 59. Ka6 h3 60. Kxa7 h2 61. Kb8 h1Q 62. Ka7 Qf3 63. Kb8 Kf4 64. Ka7 g4 65. Kb8 Qc3 66. Ka7 Qb4 67. Ka8 g3 68. Ka7 Ke5 69. Ka8 Kd6 70. Ka7 Kc7 71. Ka8 Qb7# 0-1

[Event "Speed Chess Q2 Sw"]
[Site "Chess.com INT"]
[Date "2023.08.23"]
[Round "5"]
[White "Miszler, Levente"]
[Black "Plazuelo Pascual, Juan"]
[Result "0-1"]
[WhiteElo "2315"]
[BlackElo "2454"]
[PlyCount "86"]
[EventDate "2023.08.23"]
[EventType "swiss (blitz)"]
[EventRounds "14"]
[EventCountry "USA"]
[SourceTitle "CBM 215 Extra"]
[Source "ChessBase"]
[SourceDate "2023.09.30"]
[SourceVersion "1"]
[SourceVersionDate "2023.09.30"]
[SourceQuality "1"]

1. Nf3 d5 2. c4 dxc4 3. e3 Nf6 4. Bxc4 e6 5. 0-0 a6 6. a4 c5 7. a5 Nc6 8. Qa4 Bd7 9. Qa2 Bd6 10. d3 Nd5 11. Nc3 Ndb4 12. Qa3 Nc2 13. Qa2 Nxa1 14. Qxa1 Qxa5 15. Qb1 b5 16. Ne4 Qc7 17. Ba2 Nb4 18. Nxd6+ Qxd6 19. Bd2 Qxd3 20. Bxb4 Qxb1 21. Bxb1 cxb4 22. Be4 Rb8 23. Rd1 Ke7 24. Ne5 Rhd8 25. Ra1 Rb6 26. Rc1 f6 27. Nd3 Rc8 28. Ra1 Bc6 29. Bxc6 Rbxc6 30. g3 Rd6 31. Nxb4 Ra8 32. b3 a5 33. Kg2 Kd7 34. Ra2 Kc7 35. Rc2+ Kb6 36. Na2 Rad8 37. Kf3 Rc6 38. Rb2 Rd1 39. Ke2 Rh1 40. h4 h5 41. Rd2 Rb1 42. b4 axb4 43. Kd3 Rd6+ 0-1

[Event "Speed Chess Q2 Sw"]
[Site "Chess.com INT"]
[Date "2023.08.23"]
[Round "2"]
[White "Plazuelo Pascual, Juan"]
[Black "Livaic, Leon"]
[Result "1/2-1/2"]
[WhiteElo "2454"]
[BlackElo "2558"]
[PlyCount "119"]
[EventDate "2023.08.23"]
[EventType "swiss (blitz)"]
[EventRounds "14"]
[EventCountry "USA"]
[SourceTitle "CBM 215 Extra"]
[Source "ChessBase"]
[SourceDate "2023.09.30"]
[SourceVersion "1"]
[SourceVersionDate "2023.09.30"]
[SourceQuality "1"]

1. e4 e6 2. d4 d5 3. exd5 exd5 4. Nf3 Nc6 5. Bb5 Bd6 6. c4 Nf6 7. c5 Be7 8. Bxc6+ bxc6 9. Qa4 0-0 10. 0-0 a5 11. Ne5 Ba6 12. Nxc6 Qd7 13. Re1 Rfe8 14. Be3 Bf8 15. Nc3 Ne4 16. Ne5 Qxa4 17. Nxa4 f6 18. Nf3 Bb5 19. Nc3 Nxc3 20. bxc3 Reb8 21. Bf4 Rb7 22. Reb1 Rab8 23. Nd2 g5 24. Bg3 Bd3 25. Rxb7 Rxb7 26. c6 Rb2 27. Nb3 a4 28. Nc5 Bb5 29. Bxc7 Bxc6 30. h3 a3 31. Ba5 Bb5 32. Bb4 Rc2 33. Bxa3 Rxc3 34. Bb4 Rc4 35. a4 Rxb4 36. axb5 Rxb5 37. Ra8 Kf7 38. Nd7 Bd6 39. g3 Ke6 40. Nf8+ Bxf8 41. Rxf8 Rb4 42. Rh8 Rb7 43. Kg2 f5 44. Kf3 Kf6 45. Rf8+ Kg6 46. Re8 Rb3+ 47. Ke2 Rb2+ 48. Kf3 Rb3+ 49. Re3 Rb4 50. Re6+ Kf7 51. Rh6 Rxd4 52. Rxh7+ Kf6 53. Rd7 Rd3+ 54. Ke2 Rd4 55. Ke3 Re4+ 56. Kf3 Rd4 57. Ke3 Re4+ 58. Kf3 Ke6 59. Rg7 Kf6 60. Rd7 1/2-1/2

[Event "Speed Chess Q2 Sw"]
[Site "Chess.com INT"]
[Date "2023.08.23"]
[Round "3"]
[White "Plazuelo Pascual, Juan"]
[Black "Rustemov, Alexander"]
[Result "0-1"]
[WhiteElo "2454"]
[BlackElo "2525"]
[PlyCount "104"]
[EventDate "2023.08.23"]
[EventType "swiss (blitz)"]
[EventRounds "14"]
[EventCountry "USA"]
[SourceTitle "CBM 215 Extra"]
[Source "ChessBase"]
[SourceDate "2023.09.30"]
[SourceVersion "1"]
[SourceVersionDate "2023.09.30"]
[SourceQuality "1"]

1. e4 e6 2. d4 d5 3. exd5 exd5 4. Nf3 Bf5 5. c4 Bxb1 6. Rxb1 Bb4+ 7. Bd2 Bxd2+ 8. Qxd2 Nf6 9. Bd3 dxc4 10. Bxc4 0-0 11. 0-0 Nc6 12. Rfe1 Qd6 13. a3 Rad8 14. Rbd1 a6 15. Ba2 h6 16. h3 Rfe8 17. Qc3 Rxe1+ 18. Rxe1 Nd5 19. Qc2 Nce7 20. Ne5 c6 21. Bb1 g6 22. Ba2 Kg7 23. Qb3 Qc7 24. Qf3 Nf5 25. Rd1 Nxd4 26. Qxf7+ Qxf7 27. Nxf7 Ne2+ 28. Kf1 Ne3+ 29. Kxe2 Rxd1 30. Kxe3 b5 31. Ne5 c5 32. f4 c4 33. Nxc4 bxc4 34. Bxc4 a5 35. b4 Ra1 36. bxa5 Rxa3+ 37. Bd3 Rxa5 38. g4 g5 39. fxg5 hxg5 40. Ke2 Kf6 41. Be4 Ke5 42. Bf5 Kf4 43. Kf2 Ra2+ 44. Kg1 Kg3 45. Kf1 Kxh3 46. Kg1 Kg3 47. Kf1 Ra4 48. Be6 Rf4+ 49. Kg1 Re4 50. Bc4 Re1+ 51. Bf1 Rc1 52. Kh1 Rxf1# 0-1